| 000 | 00640nam a2200217 i 4500 | ||
|---|---|---|---|
| 001 | bg | ||
| 100 | 1 | _aBĘZA, Stanisław | |
| 245 | 1 | 0 |
_aDeutsch - deine Chance.1 und 2 : _bLösungsschlüssel / _cStanisław Bęza. |
| 260 |
_aWarszawa : _b"Poltext", _c2003. |
||
| 300 |
_a105 s. ; _c24 cm. |
||
| 650 | 9 | _aJęzyk niemiecki | |
| 655 | _aPodręczniki | ||
| 020 | _a8386890541 | ||
| 040 | _cBPK | ||
| 041 | 0 | _ager | |
| 080 | _a811.112.2(07) | ||
| 920 | _a83-86890-54-1 | ||
| 942 | _cKS | ||
| 008 | s pl f |000 0 pol | ||
| 999 |
_c44780 _d44780 |
||
| 856 |
_uhttp://koha.tu.koszalin.pl/cgi-bin/koha/opac-detail.pl?biblionumber=44780 _yKatalog online BPK |
||